| 000 | 00408nam a2200121Ia 4500 | ||
|---|---|---|---|
| 999 |
_c12688 _d12688 |
||
| 082 | _aRR 920.3 DIC; | ||
| 245 | 0 | _aDictionary of international biography international who's who in community service the Anglo-American who's who | |
| 260 |
_aNew York _bMelrose Press _c1982 |
||
| 300 | _axv, 885p. | ||
| 650 | _aCelebrities - Dictionaries | ||
| 650 | _aBiography, International - Dictionaries | ||
| 942 |
_cBK _2ddc |
||